Cost Studies of Buildings / (Record no. 17346)
[ view plain ]
| 000 -LEADER | |
|---|---|
| fixed length control field | 00745cam a22002418a 4500 |
| 001 - CONTROL NUMBER | |
| control field | 15991199 |
| 005 - DATE AND TIME OF LATEST TRANSACTION | |
| control field | 20130311141653.0 |
| 008 - FIXED-LENGTH DATA ELEMENTS--GENERAL INFORMATION | |
| fixed length control field | 091120s2010 enk b 001 0 eng |
| 010 ## - LIBRARY OF CONGRESS CONTROL NUMBER | |
| LC control number | 2009046199 |
| 020 ## - INTERNATIONAL STANDARD BOOK NUMBER | |
| International Standard Book Number | 0273728954 |
| 020 ## - INTERNATIONAL STANDARD BOOK NUMBER | |
| International Standard Book Number | 9780273728955 (pbk.) |
| 082 00 - DEWEY DECIMAL CLASSIFICATION NUMBER | |
| Classification number | 690.0681 |
| Edition number | 22 |
| Item number | ASH |
| 100 1# - MAIN ENTRY--PERSONAL NAME | |
| Personal name | Ashworth, A. |
| Fuller form of name | (Allan) |
| 9 (RLIN) | 23174 |
| 245 10 - TITLE STATEMENT | |
| Title | Cost Studies of Buildings / |
| Statement of responsibility, etc | Allan Ashworth. |
| 250 ## - EDITION STATEMENT | |
| Edition statement | 5th ed. |
| 260 ## - PUBLICATION, DISTRIBUTION, ETC. (IMPRINT) | |
| Place of publication, distribution, etc | Harlow, England ; |
| -- | New York : |
| Name of publisher, distributor, etc | Pearson, |
| Date of publication, distribution, etc | c2010. |
| 300 ## - PHYSICAL DESCRIPTION | |
| Extent | 562 p. : |
| Other physical details | ill. |
| Dimensions | 24 cm. |
| 504 ## - BIBLIOGRAPHY, ETC. NOTE | |
| Bibliography, etc | Includes bibliographical references and index. |
| 650 #0 - SUBJECT ADDED ENTRY--TOPICAL TERM | |
| Topical term or geographic name as entry element | Building |
| General subdivision | Cost effectiveness. |
| 9 (RLIN) | 32797 |
| 650 #0 - SUBJECT ADDED ENTRY--TOPICAL TERM | |
| Topical term or geographic name as entry element | Construction industry |
| General subdivision | Finance. |
| 9 (RLIN) | 32798 |
| 653 ## - INDEX TERM--UNCONTROLLED | |
| Resource For college | |
| Arrived date list | March2013 |
| 942 ## - ADDED ENTRY ELEMENTS (KOHA) | |
| Source of classification or shelving scheme | Dewey Decimal Classification |
| Item type | Book - Borrowing |
| Withdrawn status | Item status | Source of classification or shelving scheme | Damaged status | Not for loan | Vendor | Home library | Current library | Shelving location | Date acquired | Source of acquisition | Total Checkouts | Full call number | Barcode | Date last seen | Date last borrowed | Koha item type | Total Renewals |
|---|---|---|---|---|---|---|---|---|---|---|---|---|---|---|---|---|---|
| Dewey Decimal Classification | Baccah | Central Library | Central Library | First floor | 11/03/2013 | 1 | 690.0681 ASH | 000028450 | 15/07/2025 | 25/03/2013 | Book - Borrowing | ||||||
| Dewey Decimal Classification | Baccah | Central Library | Central Library | First floor | 11/03/2013 | 1 | 690.0681 ASH | 000028451 | 15/07/2025 | 16/05/2016 | Book - Borrowing | 2 | |||||
| Dewey Decimal Classification | Baccah | Central Library | Central Library | First floor | 11/03/2013 | 690.0681 ASH | 000028452 | 15/07/2025 | Book - Borrowing |